| 000 | 00636nam a22001935i 4500 | ||
|---|---|---|---|
| 001 | 83641 | ||
| 003 | ES-MaACL | ||
| 005 | 20230906174853.0 | ||
| 007 | t| | ||
| 008 | 041117s1972 sp ||||0| spa d | ||
| 040 |
_aM-BN _bspa _cM-BN |
||
| 245 | 0 | 4 |
_aLas inversiones norteamericanas en España / _cpor Stanford Research Institute ; y una encuesta de opinión por Data. |
| 250 | _a[1ª ed.]. | ||
| 260 |
_aBarcelona : _bCámara de Comercio Americana en España, _c[1972] |
||
| 300 |
_aXI, 202 p. : _bil. ; _c28 cm. |
||
| 710 | 2 |
_aStanford Research Institute. _96891 |
|
| 710 | 2 |
_aData. _93365 |
|
| 852 |
_aES-MaACL _jC-43406 _bR.80312 |
||
| 999 |
_c83641 _d83641 |
||